<?xml version="1.0" encoding="UTF-8"?>
<record
    xmlns:xsi="http://www.w3.org/2001/XMLSchema-instance"
    xsi:schemaLocation="http://www.loc.gov/MARC21/slim http://www.loc.gov/standards/marcxml/schema/MARC21slim.xsd"
    xmlns="http://www.loc.gov/MARC21/slim">

  <leader>01327nab a2200229 i 4500</leader>
  <controlfield tag="001">BPP</controlfield>
  <controlfield tag="003">BPK</controlfield>
  <controlfield tag="005">20150116122359.0</controlfield>
  <controlfield tag="008">150116s1982    pl  n  f     |000  0pol</controlfield>
  <datafield tag="040" ind1=" " ind2=" ">
    <subfield code="c">BPK</subfield>
  </datafield>
  <datafield tag="080" ind1=" " ind2=" ">
    <subfield code="a">631.3</subfield>
  </datafield>
  <datafield tag="100" ind1=" " ind2=" ">
    <subfield code="a">FLORCZAK, Zenon.</subfield>
    <subfield code="d">1972 - 1987.</subfield>
    <subfield code="b">Wy&#x17C;sza Szko&#x142;a In&#x17C;ynierska - Instytut Budowy Maszyn,</subfield>
    <subfield code="c">Zak&#x142;ad Maszyn i Urz&#x105;dze&#x144; Rolniczych</subfield>
  </datafield>
  <datafield tag="245" ind1=" " ind2=" ">
    <subfield code="a">Mo&#x17C;liwo&#x15B;ci zmniejszania mechanicznych uszkodze&#x144; bulw ziemniaczanych podczas zbioru kombajnami /</subfield>
    <subfield code="c">Zenon Florczak, Tadeusz S&#x119;k.</subfield>
  </datafield>
  <datafield tag="260" ind1=" " ind2=" ">
    <subfield code="c">1982.</subfield>
  </datafield>
  <datafield tag="500" ind1=" " ind2=" ">
    <subfield code="a">Dane z autopsji.</subfield>
  </datafield>
  <datafield tag="520" ind1=" " ind2=" ">
    <subfield code="a">Om&#xF3;wiono straty spowodowane mechanicznymi uszkodzeniami bulw ziemniaczanych, przedstawiono klasyfikacj&#x119; mechanicznych uszkodze&#x144; bulw przy zbiorach, usystematyzowano czynniki wp&#x142;ywaj&#x105;ce na uszkodzenia bulw przez kombajny oraz podano przyczyny i sposoby zapobiegaj&#x105;ce nadmiernym uszkodzeniom bulw podczas zbioru. Przedstawiono r&#xF3;wnie&#x17C; elektroniczny model bulwy ziemniaczanej, kt&#xF3;ry stanowi&#x107; mo&#x17C;e miernik do wykrywania miejsc wywo&#x142;ywania mechanicznych uszkodze&#x144; w kombajnie - w procesie technologicznym zbioru.</subfield>
  </datafield>
  <datafield tag="650" ind1=" " ind2="0">
    <subfield code="a">Maszyny i narz&#x119;dzia rolnicze.</subfield>
  </datafield>
  <datafield tag="650" ind1=" " ind2="0">
    <subfield code="a">Kombajny rolnicze.</subfield>
  </datafield>
  <datafield tag="650" ind1=" " ind2="0">
    <subfield code="a">Ziemniaki.</subfield>
  </datafield>
  <datafield tag="773" ind1=" " ind2=" ">
    <subfield code="i">W :</subfield>
    <subfield code="t">Maszyny i Ci&#x105;gniki Rolnicze. -</subfield>
    <subfield code="g">R. 28, 1982, nr 6, s. 22-25</subfield>
  </datafield>
  <datafield tag="942" ind1=" " ind2=" ">
    <subfield code="c">ART</subfield>
    <subfield code="2">UKD</subfield>
  </datafield>
  <datafield tag="999" ind1=" " ind2=" ">
    <subfield code="c">3028</subfield>
    <subfield code="d">3028</subfield>
  </datafield>
  <datafield tag="952" ind1=" " ind2=" ">
    <subfield code="0">0</subfield>
    <subfield code="1">0</subfield>
    <subfield code="4">0</subfield>
    <subfield code="7">0</subfield>
    <subfield code="a">BPK</subfield>
    <subfield code="b">BPK</subfield>
    <subfield code="o">0254</subfield>
    <subfield code="y">ART</subfield>
  </datafield>
</record>
